• 首页
  • 本馆介绍
  • 公告通知
  • 最新文献
  • 馆藏检索
  • 电子资源
  • 读者导购
  • 参考咨询
  • 我的图书馆
  • 登录
  • 详细信息显示
  • 放入我的书架
  • 预约/预借图书
  • 作者相关作品
  • 分类相关作品
  • 丛书相关作品
  • 出版社相关作品

书目信息

  • 表格格式
  • 工作单格式
  • 卡片格式
题名:
100名寺古刹畅游通
    
 
作者: 李良才 主编 ;壹号图编辑部 编著
分册:  
出版信息: 南京   江苏凤凰科学技术出版社  2017
页数: 256页
开本: 24cm
丛书名:
单 册:
中图分类: K928.75
科图分类:
主题词: 寺庙--介绍--中国
电子资源:
ISBN: 978-7-5537-5112-2
000 00944nam0 2200253 450
001 012001003064
005 20140926114739.0
010    @a978-7-5537-5112-2@dCNY49.80
100    @a20180714e20182017em y0chiy50 ea
101 0  @achi
102    @aCN@b320000
105    @aa z 000yy
106    @ar
200 1  @a100名寺古刹畅游通@9100 ming si gu sha chang you tong@f李良才主编@g壹号图编辑部编著
210    @a南京@c江苏凤凰科学技术出版社@d2017@h2018重印
215    @a256页@c图,照片@d24cm
300    @a美丽中国系列
330    @a本书以“寺庙”为主题,按地区划分,精心挑选出了了全国各地100座名寺古刹,具体包括:华北地区名寺古刹、西北和东北地区名寺古刹、华南和华中地区名寺古刹、华东地区名寺古刹、西南地区名寺古刹等。
606 0  @a寺庙@x介绍@y中国
690    @aK928.75@v5
701  0 @a李良才@9li liang cai@4主编
712 02 @a壹号图编辑部@9yi hao tu bian ji bu@4编著
801  0 @aCN@b上海新华@c20180901
905    @b1153923-7@dK928.75@e1093@f5
    
    100名寺古刹畅游通/李良才主编/壹号图编辑部编著.-南京:江苏凤凰科学技术出版社,2017(2018重印)
    256页:图,照片;24cm
    美丽中国系列
    
    ISBN 978-7-5537-5112-2:CNY49.80
    本书以“寺庙”为主题,按地区划分,精心挑选出了了全国各地100座名寺古刹,具体包括:华北地区名寺古刹、西北和东北地区名寺古刹、华南和华中地区名寺古刹、华东地区名寺古刹、西南地区名寺古刹等。
●
相关链接 在E读中查询图书 在五车中查询图书 在当当中查询图书 在豆瓣中查询图书


正题名:100名寺古刹畅游通     索取号:K928.75/1093         预约/预借

序号 登录号 条形码 馆藏地/架位号 状态 备注
1 1153923   211539236   第二样本阅览室/ [索取号:K928.75/1093] 在馆    
2 1153924   211539245   密集书库-史法系/ [索取号:K928.75/1093] 在馆    
3 1153925   211539254   第二借阅区/ [索取号:K928.75/1093] 在馆    
4 1153926   211539263   第二借阅区/ [索取号:K928.75/1093] 在馆    
5 1153927   211539272   第二借阅区/ [索取号:K928.75/1093] 在馆    
唐山师范学院图书馆 欢迎您!
大连网信软件有限公司© 版权所有